000 00620nam a2200217Ia 4500
003 GCL
008 140319s9999 xx 000 0 ara d
040 _aGCL /
_cGCL
082 0 4 _a782.1
_bس ا
100 1 _aحسين فوزى
245 1 0 _aاشهر الاوبرات /
_cحسين فوزى
700 1 _aمحمود احمد الحفنى
700 1 _aسيمون، هنرى
300 _a372 ص
490 _aالالف كتاب
_v0
650 0 4 _aالمسرحيات
650 0 4 _aالاوبرا
650 0 4 _aالاعمال الموسيقية
650 0 4 _aالمسرحيات الغنائية
942 _2ddc
_cBK
999 _c45652
_d45652